Statistics for Hunger Games Quiz-Like Thing!!!!!

Click here to take the quiz!

General Stats

  • This quiz has been taken 411 times
  • The average score is 12 of 30

Answer Stats

Hint Answer % Correct
Who is the "girl on fire?"Katniss Everdeen
99%
Who are the muttations in the first book, really?The dead tributes
74%
What year did Haymitch win the Hunger Games?The 50th (second Quarter Quell)
74%
How many times was Gale whipped in Catching Fire?Fifty
74%
Who decorates Annie and Finnick's wedding cake?Peeta
72%
What does Cinna turn Katniss into at the Catching Fire interview?A mockingjay
72%
What does he (above) offer Katniss?A sugar cube
67%
What is the place where the winners of the Hunger Games get to live?The Victor's Village
67%
What is planted around Katniss's house after the war?Evening primrose
57%
What is Katniss trying to sell when Peeta gives her the bread?Old baby clothes
47%
Who trains for and joins the army along with Katniss?Johanna Mason
40%
What does Snow leave in Katniss's house?A white rose
39%
What is Finnick Odair wearing when he meets Katniss at the opening ceremony?A fishing net
38%
What kills Finnick?Lizard muttations
37%
What is the program where district kids can enter the Reaping extra times for grain and oil?Tesserae
36%
How many years does it take for Katniss to agree to have children?Fifteen
34%
What method is used on Peeta to distort his memories of Katniss?Hijacking
32%
How is Johanna tested on the Block?The street is flooded
31%
Who is sent in to test Peeta's hostility towards Katniss?Delly Cartwright
29%
What do Katniss and Gale compare shooting the Capitol hoverplanes to?Hunting geese
18%
What is the nickname for Katniss's war regiment?The Star Squad
16%
Who is the former Hunger Games stylist that assists Katniss's war team in the Capitol?Tigris
16%
What is the device called that allows the regiment leader to point out Pods on a city block?A Holo
16%
Who is the commander of the rebels in District 2?Lyme
15%
What are the names of the "insects?"Castor and Pollux
15%
What does Katniss shout at the camera in District 8?"If we burn, you burn with us!"
12%
Who is killed underneath the streets of the Capitol by a beam of light?Messalla
11%
Who is the only person connected to Katniss that Peeta remembers without lashing out?Her father
7%
What does the army believe Katniss's weakness is?Not being able to follow orders
6%

Score Distribution

Percentile by Number Answered

Percent of People with Each Score

Your Score History

You have not taken this quiz